敝帚集
| 資料類型: | 圖書 | 書目號: | 27308 |
Leader xxxxxxxxxx 001 __ PCLIS00027308 005 __ 20010829100834.34 010 0_ |a957-|b平裝|d非賣品 020 __ |acw|b82005151 100 __ |a20010829d2001 0chib0109 e 101 0_ |achi 102 __ |acw 105 __ |aa z 000yy 200 1_ |a敝帚集|e|f張世祿著|g 205 __ |a初版 210 __ |a臺北市|c幸達出版|d1997[民86] 215 0_ |a349面|c地圖|d21公分 225 1_ |a|v 681 __ |a855|b 700 __ |a張|b世祿|4著 801 __ |acw|b本館|c20010829 |